Statistiken für Tier Emojis

Klicken Sie hier um das Quiz zu spielen!

Allgemein

  • Dieses Quiz wurde 6.696 mal gespielt
  • Das Durchschnittsergebnis liegt bei 38 aus 73

Antwortstatistiken

EmojiAnimal% Korrekt
Hund
93%
Katze
93%
Löwe
86%
Tiger
82%
Wal
81%
Affe
80%
Maus
79%
Pferd
79%
Elefant
77%
Kuh
77%
Schlange
77%
Bär
75%
Einhorn
75%
Hai
74%
Giraffe
73%
Schwein
73%
T-Rex
70%
Krokodil
69%
Adler
67%
Delfin
66%
Huhn
65%
Hase
64%
Zebra
62%
Spinne
61%
Schmetterling
60%
Frosch
59%
Hirsch
59%
Ameise
57%
Schaf
57%
Biene
56%
Fuchs
56%
Papagei
56%
Eidechse
55%
Nashorn
55%
Ziege
53%
Ente
52%
Ratte
52%
Nilpferd
51%
Panda
51%
Wolf
51%
Pinguin
50%
Kamel
49%
Drache
48%
Hamster
47%
Koala
47%
Marienkäfer
47%
Schildkröte
47%
Leopard
45%
Eule
42%
Taube
41%
Igel
40%
Schnecke
40%
Gorilla
39%
Känguru
38%
Dachs
36%
Fledermaus
35%
Lama
33%
Schwan
33%
Eichhörnchen
32%
Pfau
32%
Mücke
30%
Oktopus
30%
Krabbe
29%
Skorpion
27%
Kugelfisch
26%
Wasserbüffel
25%
Waschbär
23%
Tintenfisch
21%
Truthahn
21%
Grille
19%
Hummer
19%
Shrimp
15%
Sauropod
12%

Verteilung der Resultate

Perzentil nach korrekt beantworteten Fragen

Anzahl Personen mit jedem Resultat

Ihre Resultats-Entwicklung

Sie haben dieses Quiz noch nicht gespielt